Регионална библиотека "Любен Каравелов" - Русе

Събрани съчинения в 14 тома (Запис номер 188275)

MARC детайли
000 -Лидер
Контролно поле с фиксирана дължина 01304nam a2200301 c 4500
003 - Код на организацията, давaща контролен номер
Контролно поле BLK
005 - Дата и час на последна редакция
Контролно поле 20180422115602.0
008 - Елементи от данни с фиксирана дължина
fixed length control field 180411b bul|||||r ||||||| ||bul||
010 ## - Наследен системен номер
LC control number KNG00197293000
040 ## - Източник на каталожния запис
Идентификатор на билиотеката - собственик на записа BLK
041 ## - Код за език
Код за езика на текст/звукозапис или на отделно заглавие Български
Код за езика КДБФ Български
080 ## - УДК
Текстов определител УДК Руска литература
УДК код - определител по УДК 821.161.1
УДК определител (081.1)
УДК - код + определител 821.161.1(081.1)
080 ## - УДК
Текстов определител УДК Руска литература
УДК код - определител по УДК 821.161.1
УДК определител -32
УДК - код + определител 821.161.1-32
100 1# - Редна дума - Автор
Автор Толстой, Лев Николаевич
Авторска отговорност първи автор
R(LIN) 367573
139 ## - Редно поле
Редна дума Толстой, Лев Николаевич
Авторски знак Толст - Т 67
245 10 - Сведения за заглавието
Заглавие Събрани съчинения в 14 тома
Редно поле (дума) Лев Николаевич Толстой; прев. от рус. на том Никола Толчев.
Том Т. 12
Заглавие на том Повести и разкази 1889 - 1904
257 ## - Страна на издаване
Страна на създаване/издаване СССР
260 ## - Област на издателските данни
-- София
Име на издателя, разпространителя и проч. Нар. култура
Година на издаване 1956 -
300 ## - Физическа характеристика
Размери/Мащаб 20 см
380 ## - Жанр
Жанр Худож. лит.
700 1# - Други автори (авторска отговорност)
Лично име Толчев, Никола
Автороска отговорност (Описва отношението между автора и произведението) прев. от рус. на том
9 (RLIN) 129939
760 1# - Описание на основната серия
Редна дума на основното описание Толстой, Лев Николаевич
Място на издаване, издател и година 1956
Страници - том 360 с., 1 л. : портр.
Заглавие Т. 12 Повести и разкази 1889 - 1904
852 ## - Местоположение
Форматна сигнатура Цб 3022
856 4# - Електронен адрес и достъп
Електронен формат pdf - файл
Път до файла /url/
856 4# - Електронен адрес и достъп
Електронен формат pdf - файл
Път до файла /url/
942 ## - АРТИКУЛИ
Вид на библиотечния материал Книги
Скрит в OPAC Не
944 ## - СЪЗДАВАНЕ И РЕДАКЦИЯ на ЗАПИСА
Създаване/Редакция Създаване
Дата на регистрацията/редакция 02.12.2016
Служител, извършил регистрацията/редакцията Правда_Бадева
944 ## - СЪЗДАВАНЕ И РЕДАКЦИЯ на ЗАПИСА
Създаване/Редакция Редакция
Дата на регистрацията/редакция 02.12.2016
Служител, извършил регистрацията/редакцията Правда_Бадева
999 ## - СИСТЕМНИ КОНТРОЛНИ НОМЕРА
Koha biblionumber 188275
Koha biblioitemnumber 188275
Наличности
Код за отписване Код за изгубен артикул Източник на класификационната схема Код за повреда Коз за рестрикции Код за отдаване Артикулен № Име на библиотеката - собственик Име на библиотеката, в която се намира в момента Статус (Текущо местоположение) Дата на вписване в системата Местоположение - отдел Цена в лева Инвентарен номер Систематично азбучна сигнатура Баркод Номер на екземпляра Цена в евро Служебна бележка Служебен тип на артикула
  Не е изгубен Universal Decimal Classification Не е повреден без рестрикции ползва се в читалня 329893 Регионална библиотека "Любен Каравелов" Русе Регионална библиотека "Любен Каравелов" Русе Хранилище 1956-01-01 Основен фонд - ползва се само за читалня 1.21 569365 Цб 3022 120000569365 1 0.62 N: стар фонд Дата: 01.01.1956 Книги
Изтеглен Не е изгубен Universal Decimal Classification Не е повреден без рестрикции заемане за дома 329894 Регионална библиотека "Любен Каравелов" Русе Регионална библиотека "Любен Каравелов" Русе Заемна - подръчен фонд 1956-01-01 Заемна - подръчен фонд 0.00 1966/57 П 882(081)/Т 67 1966/57 2 0.00 N: стар фонд Дата: 01.01.1956 Книги
Изтеглен Не е изгубен Universal Decimal Classification Не е повреден без рестрикции заемане за дома 329895 Регионална библиотека "Любен Каравелов" Русе Регионална библиотека "Любен Каравелов" Русе Заемна - подръчен фонд 1956-01-01 Заемна - подръчен фонд 0.00 1967/57 П 882(081)/Т 67 1967/57 3 0.00 N: стар фонд Дата: 01.01.1956 Книги
Изтеглен Не е изгубен Universal Decimal Classification Не е повреден без рестрикции заемане за дома 329896 Регионална библиотека "Любен Каравелов" Русе Регионална библиотека "Любен Каравелов" Русе Заемна - подръчен фонд 1956-01-01 Заемна - подръчен фонд 0.00 13932/64 П 882(081)/Т 67 13932/64 4 0.00 N: стар фонд Дата: 01.01.1956 Книги
Vip Innovations Ltd, Rousse, Bulgaria 2025